Macroeconomics: (Record no. 534850)

000 -LEADER
fixed length control field 00431nam a22001577a 4500
020 ## - INTERNATIONAL STANDARD BOOK NUMBER
International Standard Book Number 9789332579439
082 ## - DEWEY DECIMAL CLASSIFICATION NUMBER
Classification number 339
100 ## - MAIN ENTRY--PERSONAL NAME
Personal name Mishkin, Frederic S.
245 ## - TITLE STATEMENT
Title Macroeconomics:
Remainder of title Theory & Practice /
Statement of responsibility, etc. Frederic S. Mishkin
250 ## - EDITION STATEMENT
Edition statement 2nd ed.
260 ## - PUBLICATION, DISTRIBUTION, ETC.
Place of publication, distribution, etc. New Delhi :
Name of publisher, distributor, etc. Pearson,
Date of publication, distribution, etc. 2019.
300 ## - PHYSICAL DESCRIPTION
Extent 673 p. ;
Dimensions 24 cm.
942 ## - ADDED ENTRY ELEMENTS (KOHA)
Source of classification or shelving scheme
Koha item type Book
Holdings
Withdrawn status Lost status Source of classification or shelving scheme Damaged status Not for loan Permanent Location Current Location Shelving location Date acquired Source of acquisition Total Checkouts Total Renewals Full call number Barcode Date last seen Date last checked out Price effective from Koha item type
          Central Library (CL) Central Library (CL) Economics 07/23/2020 Allied Book Company 1 3 339 MIS CL-396 01/04/2024 11/29/2023 07/23/2020 Book
© 2023 Central Library, National University of Sciences and Technology. All Rights Reserved.